| 000 | 00774cam a22002531 4500 | ||
|---|---|---|---|
| 001 | 5786 | ||
| 003 | BD-RjUL | ||
| 005 | 20211208234128.0 | ||
| 008 | 140107s1967 enk b 001 0 eng | ||
| 020 | _a0710062699 | ||
| 035 | _a(BD-RjUL)5825 | ||
| 035 | _a(OCoLC)181940 | ||
| 040 |
_aDLC _cODaWU _dOCoLC _dUk _dDLC _dBD-RjUL _beng |
||
| 041 | _aeng | ||
| 082 |
_a370.8 _bPEC 1967 |
||
| 100 | 1 |
_aPeters, R. S. _q(Richard Stanley), _d1919- _918172 |
|
| 245 | 1 | 4 |
_aThe concept of education / _cedited by R. S. Peters. |
| 260 |
_aLondon : _bRoutledge & K. Paul ; _aNew York : _bHumanities P., _cc1967. |
||
| 300 |
_aviii, 223 p. ; _c22 cm. |
||
| 504 | _aIncludes bibliographical references and index. | ||
| 650 | 0 |
_aEducation. _918173 |
|
| 942 |
_2ddc _cBK |
||
| 999 |
_c5786 _d5786 |
||